Aguas subterráneas en zonas de montaña y trazadores ambientales / (Registro nro. 17899)
[ vista simple ]
| 000 -CABECERA | |
|---|---|
| Campo de control | 01005nam a22002657a 4500 |
| 005 - FECHA Y HORA DE LA ULTIMA TRANSACCION | |
| Campo de control | 20160416020003.0 |
| 008 - ELEMENTOS DE LONGITUD FIJA—INFORMACION GENERAL | |
| Campo de control | 151210t2014 ck ||||fr|||| 00| 0 spa d |
| 020 ## - ISBN | |
| ISBN | 9789588777771 |
| 040 ## - FUENTE DE CATALOGACIÓN | |
| Agencia catalogadora original | CO-BoIAVH |
| Agencia transcriptora | CO-BoIAVH |
| 041 0# - IDIOMA | |
| Código de idioma para texto/pista de sonido o título separado | Español |
| 044 ## - PAÍS DE PUBLICACIÓN | |
| País de publicación | Colombia |
| 082 04 - NUMERO DE CLASIFICACION DECIMAL DEWEY | |
| Número de clasificación | 553.79072 |
| Número del ítem | G56a |
| 100 1# - ASIENTO PRINCIPAL--NOMBRE PERSONAL | |
| Nombre personal | Gómez Isidro, Sully |
| 9 (RLIN) | 43881 |
| 245 10 - MENCION DE TITULO | |
| Título | Aguas subterráneas en zonas de montaña y trazadores ambientales / |
| Mención de responsabilidad | Sully Gómez Isidro |
| 250 ## - MENCION DE EDICION | |
| Mención de edición | 1a. Edición |
| 260 ## - PUBLICACION, DISTRIBUCION, ETC. (PIE DE IMPRENTA) | |
| Lugar de publicación, distribución, etc. | Bucaramanga (Colombia) : |
| Nombre del editor, distribuidor, etc. | Universidad Industrial de Santander, |
| Fecha de publicación, distribución, etc. | 2014. |
| 300 ## - DESCRIPCION FISICA | |
| Extensión | ix, 161 páginas : |
| Otros detalles físicos | gráficas, ilustraciones a color ; |
| Dimensiones | 24 x 16 cm. |
| 500 ## - NOTA GENERAL | |
| Nota general | Incluye listas de figuras, tablas y anexos. |
| 504 ## - NOTA DE BIBLIOGRAFIA, ETC. | |
| Nota de bibliografía | Incluye referencias bibliográficas (páginas 151-161). |
| 650 #6 - ASIENTO SECUNDARIO DE MATERIA - TERMINO TEMATICO | |
| Término temático o nombre geográfico como elemento de entrada | Aguas subterráneas |
| Subdivisión general | Investigaciones |
| 9 (RLIN) | 43882 |
| 650 #6 - ASIENTO SECUNDARIO DE MATERIA - TERMINO TEMATICO | |
| Término temático o nombre geográfico como elemento de entrada | Aguas subterráneas |
| Subdivisión general | Flujos |
| 9 (RLIN) | 43883 |
| 650 #6 - ASIENTO SECUNDARIO DE MATERIA - TERMINO TEMATICO | |
| Término temático o nombre geográfico como elemento de entrada | Suelos |
| Subdivisión general | Aspectos ambientales |
| 9 (RLIN) | 43884 |
| 650 #6 - ASIENTO SECUNDARIO DE MATERIA - TERMINO TEMATICO | |
| Término temático o nombre geográfico como elemento de entrada | Hidrogeología |
| Subdivisión general | Investigaciones |
| 9 (RLIN) | 43885 |
| 942 ## - ELEMENTOS ADICIONALES (KOHA) | |
| Sistema de clasificación | Dewey Decimal Classification |
| Tipo de ítem | Libro |
| Koha issues (borrowed), all copies | 1 |
| Withdrawn status | Lost status | Sistema de Clasificación | Damaged status | No para préstamo | Colección | Inventariado | Ubicación Permanente | Ubicación actual | Fecha de adquisición | Fuente de Valor | Valor | Total Checkouts | Número topográfico | Inventario / Código de Barras | Date last seen | Date checked out | Ejemplar | Price effective from | Forma de adquisición | Tipo de material |
|---|---|---|---|---|---|---|---|---|---|---|---|---|---|---|---|---|---|---|---|---|
| Dewey Decimal Classification | General | Inventariado 2017 | Bogotá | Bogotá | 10/12/2015 | Instituto | 39000.00 | 3 | LB-553.79072 G56a | 039510 | 11/02/2020 | 11/02/2020 | Ej. 1 | 10/12/2015 | Libro |